Religions of Andorra - Statistics

General Stats
  • This quiz has been taken 106 times
  • The average score is 3 of 8
Answer Stats
Percentage Religion % Correct
88.2% Catholic Christian
100%
0.3% Judaism
69%
1% Hinduism
60%
2.5% Anglican Christian
28%
0.5% Bahaism
20%
2.5% Jehovah's Witness
9%
2.5% New Apostolic Christian
5%
2.5% Unification Christian
5%
No matching quizzes found
Score Distribution
Percent of People with Each Score
Percentile by Number Answered
Your Score History
You have not taken this quiz